| 000 | 00364nam a2200133Ia 4500 | ||
|---|---|---|---|
| 008 | 240624s9999 xx 000 0 und d | ||
| 041 | _aeng | ||
| 082 | _a338.04082 YOU | ||
| 100 | _aYOUSAFZAI SHUMAILA | ||
| 245 | _aWOMEN ENTREPRENEURS AND THE MYTH OF UNDE | ||
| 260 |
_c2018 _aUnited Kingdom _bEdward Elgar |
||
| 300 | _axxvii, 256 p.; 23 cm. | ||
| 365 |
_cBPS _b30 |
||
| 999 |
_c31287 _d31287 |
||